The conceptual foundations of the statistical approach in mechanics
Αποθηκεύτηκε σε:
| Κύριοι συγγραφείς: | , |
|---|---|
| Άλλοι συγγραφείς: | |
| Μορφή: | Βιβλίο |
| Γλώσσα: | English German |
| Δημοσίευση: |
Mineola ; New York :
Dover,
2015.
|
| Θέματα: | |
| Ετικέτες: |
Προσθήκη ετικέτας
Δεν υπάρχουν, Καταχωρήστε ετικέτα πρώτοι!
|
MARC
| LEADER | 00000nam a2200000 a 4500 | ||
|---|---|---|---|
| 001 | 1/109898 | ||
| 008 | 160211r20151959nyu| ||| |||||||eng|| | ||
| 020 | |a 9780486662503 | ||
| 020 | |a 0486662500 | ||
| 040 | |a GR-MyUa |b gre |c GR-MyUa |e AACR2 | ||
| 041 | 1 | |a eng |h ger | |
| 082 | 7 | |a 530.13 |2 (23) | |
| 100 | 1 | |a Ehrenfest, Paul |d 1880-1933. | |
| 245 | 1 | 0 | |a The conceptual foundations of the statistical approach in mechanics / |c Paul and Tatiana Ehrenfest ; translated by Michael J. Moravcsik. |
| 260 | |a Mineola ; New York : |b Dover, |c 2015. | ||
| 300 | |a xiv, 114 σ. ; |c 22 εκ. | ||
| 504 | |a Βιβλιογραφία: σ. 109-114. | ||
| 534 | |3 Μετάφραση του: |a Begriffliche Grundlagen der statistischen Auffassung in der Mechanik. | ||
| 650 | 0 | |a Kinetic theory of gases. | |
| 650 | 0 | |a Statistical mechanics. | |
| 700 | 1 | |a Ehrenfest, Tatiana |d 1876-1964, |e aut | |
| 700 | 1 | |a Moravcsik, Michael J. |e trl | |
| 852 | |a INST |b SAMOS |e 20160211 |h 530.13 EHR |p 005300043328 |q 005300043328 |t BK |y 0 | ||
| 922 | |a 3ΕΛΗ |b 201601 |c Τμήμα Μαθηματικών/Μεταπτυχιακό |d Διαδρομές | ||
| 970 | |a Κοσιέρης |b Χρήστος |z 11-02-2016 | ||